000 01079nam a2200265 a 4500
001 BRCA_5590
005 20190320205137.0
008 210211s1941----nyua######---#000-0#eng-#
041 _aeng
044 _anyu
050 4 _aNK1125
_b.A78 1 1941
245 1 0 _aArt objects and furnishings from the William Randholph Hearst collection
_bcatalogue raisonne comprising illustrations of representative works together with comprehensive descriptions of books, autographs and manuscripts and complete index
_cHammer Galleries.
260 _aNueva York
_bW. Bradford
_c1941
300 _a334 p.
_bil., 173 láminas
_c26 cm.
500 _aIncluye índice onomástico e índice de pinturas por país
500 _aEjemplar igual a X19
500 _aF67
600 1 4 _aHearts, William Randolph
_vCatálogos
_xColecciones de arte
_914247
650 1 4 _aArte
_xColeccionistas y colecciones
_97445
650 1 4 _aColeccionistas y colecciones
_914248
650 1 4 _aGalerías y museos
_zEstados Unidos
_97437
650 1 4 _aArte
_xColecciones particulares
_97906
902 _aGFM
942 _2lcc
_cB
999 _c5284
_d5284